10 Größte Banken in Deutschland - Statistiken

Allgemein
  • Dieses Quiz wurde 162 mal gespielt
  • Das Durchschnittsergebnis liegt bei 3 aus 10
Antwortstatistiken
Hauptsitz Antwort % Korrekt
Frankfurt am Main Deutsche Bank
91%
Frankfurt am Main Commerzbank
89%
Frankfurt am Main ING (ING-DiBa)
35%
München Hypovereinsbank
25%
Frankfurt am Main DZ Bank
23%
Stuttgart LBBW (Landesbank Baden-Württemberg)
23%
Frankfurt am Main Helaba (Landesbank Hessen-Thüringen)
17%
München BayernLB (Bayerische Landesbank)
15%
Frankfurt am Main KfW (Kreditanstalt für Wiederaufbau)
11%
Düsseldorf, Münster NRW.Bank
8%
Keine übereinstimmenden Quizze gefunden
Verteilung der Resultate
Anzahl Personen mit jedem Resultat
Perzentil nach korrekt beantworteten Fragen
Ihre Resultats-Entwicklung
Sie haben dieses Quiz noch nicht gespielt